Strongest Pokémon Attacks - Statistics

General Stats
  • This quiz has been taken 8 times
  • The average score is 5 of 20
Answer Stats
Type Answer % Correct
Ground Earthquake
86%
Fighting Focus Punch
71%
Flying Sky Attack
71%
Water Hydro Cannon
57%
Normal Explosion
43%
Rock Headsmash
43%
Fairy Moonblast
43%
Fire Eruption
29%
Fighting Focus Blast
29%
Normal Boomburst
14%
Dragon Outrage
14%
Electric Thunder
14%
Flying Acrobatics
0%
Dark Foul Play
0%
Normal Hidden Power
0%
Ghost Poltergeist
0%
Water Scald
0%
Rock Stealth Rock
0%
Normal Substitute
0%
Bug U-Turn
0%
No matching quizzes found
Score Distribution
Percent of People with Each Score
Percentile by Number Answered
Your Score History
You have not taken this quiz